|
|
|
|
| LEADER |
00000nam0a2200000 4500 |
| 001 |
191890 |
| 005 |
20231031180912.0 |
| 010 |
|
|
|a 5020166774
|
| 035 |
|
|
|a (RuTPU)RU\TPU\book\209254
|
| 090 |
|
|
|a 191890
|
| 100 |
|
|
|a 20110214d1989 m y0rusy50 ca
|
| 101 |
0 |
|
|a rus
|
| 102 |
|
|
|a RU
|
| 105 |
|
|
|a y z 000zy
|
| 200 |
1 |
|
|a Проблемы индустриализации стран АСЕАН
|f В. В. Михалев
|g Академия наук СССР (АН СССР), Институт мировой экономики и международных отношений (ИМЭМО)
|
| 210 |
|
|
|a Москва
|c Наука
|d 1989
|
| 215 |
|
|
|a 168 с.
|
| 610 |
1 |
|
|a индустриализация
|
| 610 |
1 |
|
|a промышленный сектор
|
| 610 |
1 |
|
|a страны АСЕАН
|
| 610 |
1 |
|
|a социально-экономическое развитие
|
| 610 |
1 |
|
|a факторы
|
| 610 |
1 |
|
|a индустриальное развитие
|
| 610 |
1 |
|
|a экономическая политика
|
| 610 |
1 |
|
|a валовой региональный продукт
|
| 610 |
1 |
|
|a занятость
|
| 686 |
|
|
|a У9(5)
|v LBC/SL-A
|2 rubbk
|
| 700 |
|
1 |
|a Михалев
|b В. В.
|g Владимир Владиславович
|
| 712 |
0 |
2 |
|a Академия наук СССР (АН СССР)
|b Институт мировой экономики и международных отношений (ИМЭМО)
|c (Москва)
|2 stltpush
|3 (RuTPU)RU\TPU\col\11484
|
| 801 |
|
1 |
|a RU
|b 63413507
|c 20110214
|
| 801 |
|
2 |
|a RU
|b 63413507
|c 20220413
|g RCR
|
| 942 |
|
|
|c BK
|